| 000 | nam a22 7a 4500 | ||
|---|---|---|---|
| 999 |
_c153707 _d153705 |
||
| 005 | 20200120102919.0 | ||
| 008 | 200120b mx ||||| |||| 00| 0 spa d | ||
| 020 | _a9786076283851 | ||
| 050 | 0 | 4 |
_aPL493 _bG66 2019 |
| 100 | 1 | _aGómez Rodríguez,Luis O. | |
| 245 | 1 | 3 |
_a La traducción en la didáctica de las lenguas clásicas de Asia : _b reflexiones preliminares / _cLuis O. Gómez Rodríguez |
| 250 | _a1a edición | ||
| 260 |
_aMéxico : _bEl Colegio de México, _c2019 |
||
| 300 |
_a115 p. ; _c17 cm. |
||
| 650 | 4 |
_aAsia oriental _xIdiomas - Estudio y enseñanza. |
|
| 650 | 4 | _aTraducción e interpretación. | |
| 942 |
_2lcc _cLIB |
||